Catalytic hydrogenation in organic synthesis: Procedures and commentary (Record no. 31361)

MARC details
000 -LEADER
fixed length control field 00313nam a2200109Ia 4500
082 ## - DEWEY DECIMAL CLASSIFICATION NUMBER
Item number FRE
100 ## - MAIN ENTRY--AUTHOR NAME
Personal name Freifelded, Morris
245 #0 - TITLE STATEMENT
Title Catalytic hydrogenation in organic synthesis: Procedures and commentary
260 ## - PUBLICATION, DISTRIBUTION, ETC. (IMPRINT)
Place of publication New York
Name of publisher John Wiley
Year of publication 1978
942 ## - ADDED ENTRY ELEMENTS (KOHA)
Koha item type Books
Holdings
Withdrawn status Lost status Damaged status Not for loan Home library Current library Date acquired Cost, normal purchase price Full call number Accession Number Koha item type
        RRII Library RRII Library 16/12/2021 18.50 FRE 11907 Books